000
00298nam a2200133Ia 4500
008
240624s9999 xx 000 0 und d
041
_a
eng
082
_a
823 KAF
100
_a
KAFKA FRANZ
245
_a
STORIES
260
_c
2004
_a
Kolkata
_b
Projapoti
300
_a
144 : p. : cm. ; 21
365
_c
RS
999
_c
3988
_d
3988